|
|
|
|
| LEADER |
00000nam a2200000 a 4500 |
| 001 |
vtls001206789 |
| 003 |
SK-MaSNL |
| 005 |
20260301051144.0 |
| 008 |
251104s1990 xo o g c 00000dslo |
| 035 |
|
|
|a SNK000149859
|
| 040 |
|
|
|a SNK
|b slo
|c SNK
|e AACR2
|
| 041 |
0 |
|
|a slo
|
| 044 |
|
|
|a xo
|c SK
|
| 080 |
|
|
|a 75.071.1:061.4(083.9)
|2 1981
|
| 080 |
|
|
|a 061.4(083.9)
|2 1981
|
| 080 |
|
|
|a 069.6.02
|2 1981
|
| 080 |
|
|
|a 73/76
|2 1981
|
| 080 |
|
|
|a 929 Berger, Ján
|2 1981
|
| 245 |
0 |
0 |
|a Ján Berger
|c Katarína Kišová ... [et al.]
|
| 250 |
|
|
|a 1. vyd.
|
| 260 |
|
|
|a Bratislava
|b ČSTK
|c 1990
|
| 300 |
|
|
|a 12 s.
|b fotogr.
|c 30 x 21 cm
|
| 366 |
|
|
|e 800 výtl.
|
| 500 |
|
|
|a Uspor. Galéria mesta Bratislavy v decembri 1990 - januári 1991, Stredoslovenská galéria, Banská Bystrica v januári - februári 1991, Oblastní galerie, Liberec v apríli - máji 1991. Komisárky výst. a text Katarína Kišová, Alena Vrbanová. Graf. úpr. Pavol Choma. Fotoreprod. Ladislav Sternmüller.
|
| 504 |
|
|
|a Biogr. údaje
|
| 600 |
1 |
7 |
|a Berger, Ján,
|d 1944-
|2 SNKMA
|9 119735
|
| 650 |
0 |
7 |
|a slovenskí výtvarní umelci
|2 SNKPH
|9 83355
|
| 650 |
0 |
7 |
|a maliarstvo
|2 SNKPH
|9 812
|
| 650 |
0 |
7 |
|a Slovak artists
|2 SNKPHeng
|9 302964
|
| 650 |
0 |
7 |
|a Painting
|2 SNKPHeng
|9 294628
|
| 655 |
|
7 |
|a katalógy výstav
|2 SNKPH
|9 70445
|
| 700 |
1 |
|
|a Kišová, Katarína
|4 oth
|9 99479
|
| 700 |
1 |
|
|a Vrbanová, Alena,
|d 1960-
|4 oth
|9 92785
|
| 700 |
1 |
|
|a Choma, Pavel,
|d 1950-
|4 bkd
|9 103914
|
| 700 |
1 |
|
|a Sternmüller, Ladislav
|4 pht
|9 10398
|
| 958 |
|
|
|a BX
|
| 958 |
|
|
|a OND
|
| 999 |
|
|
|c 602622
|d 604552
|
| 952 |
|
|
|t P60, <03>, [BOOK], {603}
|a SNK
|b SNK
|y PREZ
|7 0
|p 17A0341648
|o snkOSB 9051
|i snkKSP 5099/91
|0 0
|1 0
|4 0
|d 2002-05-21
|l 0
|r 2005-01-01 00:00:00
|w 2026-02-23
|